| 000 | 01130nam a22003377a 4500 | ||
|---|---|---|---|
| 003 | CHAP | ||
| 005 | 20220329134056.0 | ||
| 008 | 971013s1973 r 00010 d | ||
| 010 | _a15056 | ||
| 011 | _a16028 | ||
| 035 | _a20106 | ||
| 040 | _cCHAP | ||
| 090 | _aTesis | ||
| 100 | 0 | 0 |
_aHerrera Haro, José G. _954890 |
| 245 | _aProposición de un diseño experimental para analizar experimentos con animales en pastoreo | ||
| 260 |
_aChapingo, Méx. : _bEl Autor, _c1973 |
||
| 300 |
_a65 h. _b: gráfs. |
||
| 502 | _aTesis (M. en C. Esp. en Estadística) -- ENA. Colegio de Postgraduados | ||
| 590 |
_aALEPH _b10 _c20130110 _lUCH01 _h1237 |
||
| 590 |
_aBATCH-UPD _b10 _c20130110 _lUCH01 _h1603 |
||
| 590 |
_aBATCH-UPD _b10 _c20130410 _lUCH01 _h0959 |
||
| 590 |
_aBATCH-UPD _b10 _c20130914 _lUCH01 _h1205 |
||
| 590 |
_aCONVERSION _b10 _c20130109 _lUCH01 _h1310 |
||
| 650 | 1 | 4 |
_aDiseños experimentales. _932735 |
| 650 | 1 | 4 |
_aGanado _xPastoreo. _944941 |
| 901 | _aBK | ||
| 942 | _cFOLL | ||
| 949 |
_bBC _cTES _d-46908 _eTS1 _i20106 _si |
||
| 949 |
_bBC _cTES _d-46909 _eTS2 _fc.2 _i20106 _si |
||
| 949 |
_bBC _cTES _d-46910 _eTS2 _fc.3 _i20106 _si |
||
| 999 |
_c15056 _d15056 |
||